000 00630nam a2200205 i 4500
001 73900
003 ES-MaACL
005 20230906171945.0
007 t|
008 040913s1963 sp ||||1| spa d
100 1 _aOliver Belmás, Antonio,
_d1903-1968
_986831
245 1 0 _aDon Luis de Góngora y Argote /
_cpor Antonio Oliver Belmás.
260 _aMadrid :
_bNuevas Editoriales Unidas,
_c[1963]
300 _a258 p. ;
_c20 cm.
490 1 _aGenio y figura ;
_v6
600 1 4 _aGóngora y Argote, Luis de.
_958246
830 1 _aGenio y figura ;
_v6
_9184178
852 _aES-MaACL
_jG-7308
999 _c73900
_d73900